Die weitesten Länder von Afghanistan - Statistiken

Allgemein
  • Dieses Quiz wurde 92 mal gespielt
    80 seit der letzten Aktualisierung
  • Das Durchschnittsergebnis liegt bei 12 aus 20
Antwortstatistiken
km Antwort % Korrekt
14790 Chile
94%
13824 Argentinien
90%
13695 Bolivien
86%
14082 Uruguay
85%
13838 Peru
83%
14054 Ecuador
82%
13647 Paraguay
80%
13463 Panama
70%
12831 Neuseeland
69%
13632 El Salvador
68%
13254 Nicaragua
68%
13214 Belize
66%
13676 Costa Rica
66%
13320 Guatemala
66%
13257 Honduras
66%
14756 Falkland-Inseln
23%
14499 Cookinseln
14%
14359 Französisch-Polynesien
11%
13474 Niue
10%
17169 Pitcairn-Inseln
10%
Keine übereinstimmenden Quizze gefunden
Verteilung der Resultate
Anzahl Personen mit jedem Resultat
Perzentil nach korrekt beantworteten Fragen
Ihre Resultats-Entwicklung
Sie haben dieses Quiz seit der letzten Aktualisierung nicht gespielt